000
00253nam a22001097a 4500
082
_a
551.5 ELE'H
100
_a
HER MAJESTY
_9
76415
245
_a
ELEMENTARY METEOROLOGY FOR AIRCREW
260
_a
LONDON
_b
HER MAJESTY
_c
1969
300
_a
262P
942
_c
BK
999
_c
581806
_d
581806